000 00450nam a2200181Ia 4500
001 25186
005 20260414151133.0
008 260414t1999||||xx |||||||||||||| ||spa||
041 _aESP
082 _a346.34
_bS63
100 _aPerú. Defensoría del Pueblo
_eAUT
245 0 _aSobre género, derecho y discriminación
_b
260 _c1999
300 _a168 páginas :
_c21 cm.
650 _aDER
654 _aCDE
942 _cLIB
_dJUS
_fJUS
_2ddc
_n
999 _c25186
_d25186